Nourritures de A à Z en images - Statistiques

Statistiques générales
  • Ce quiz a été pris 4 177 fois
  • Le résultat moyen est 20 sur 26
Statistiques - réponses
Par images Hint Réponse % Correct
C Crêpe
100%
F Frite
99%
E Éclair
98%
G Gaufre
98%
H Hot-Dog
98%
K Kiwi
98%
B Boulette
97%
L Lasagne
97%
M Macaron
97%
P Pizza
97%
S Sushi
96%
N Nem
95%
Q Quiche
95%
A Asperge
94%
D Donuts
94%
T Tacos
94%
Y Yaourt
92%
I Île Flottante
89%
W Wasabi
80%
R Ratatouille
78%
O Onigiri
58%
V Vol au vent
39%
U Udon
37%
J Jambonneau
15%
X Ximenia
5%
Z Zakouski
2%
Aucun quiz correspondant
Distribution des résultats
% des personnes avec chaque résultat
Percentile par nombre de réponses
Votre historique - résultats
Vous n’avez pas pris ce quiz